Southville International School and Colleges
Your cart is empty.
  • Cart
  • Lists
    Public lists Eva Luna New books Lux_list list_1
    Your lists Log in to create your own lists
  • Log in to your account
  • Your cookies
  • Search history
Southville International School and Colleges
  • Advanced search
  • Recent comments
  • Most popular
  • Libraries

Log in to your account

Log in with GOOGLE


If you do not have an external account, but do have a local account, you can still log in:

  1. Home
  2. MARC view: The BFG /
Normal view MARC view ISBD view

The BFG / (Record no. 34259)

[ view plain ]
MARC details
000 -LEADER
fixed length control field 00897cam a2200337 a 4500
001 - CONTROL NUMBER
control field 3331126
003 - CONTROL NUMBER IDENTIFIER
control field OSt
005 - DATE AND TIME OF LATEST TRANSACTION
control field 20140310184422.0
008 - FIXED-LENGTH DATA ELEMENTS--GENERAL INFORMATION
fixed length control field 850114r19851982enka j 000 1 eng
010 ## - LIBRARY OF CONGRESS CONTROL NUMBER
LC control number 85000566
020 ## - INTERNATIONAL STANDARD BOOK NUMBER
International Standard Book Number 0140315977 (pbk.)
040 ## - CATALOGING SOURCE
Original cataloging agency DLC
Transcribing agency DLC
Modifying agency DLC
042 ## - AUTHENTICATION CODE
Authentication code lcac
050 10 - LIBRARY OF CONGRESS CALL NUMBER
Classification number PZ 7
Item number .D1515Bf 1982
100 1# - MAIN ENTRY--PERSONAL NAME
Personal name Dahl, Roald.
9 (RLIN) 3827
245 14 - TITLE STATEMENT
Title The BFG /
Statement of responsibility, etc Roald Dahl; illustrations by Quentin Blake
260 ## - PUBLICATION, DISTRIBUTION, ETC. (IMPRINT)
Place of publication, distribution, etc New York :
Name of publisher, distributor, etc Scholastic Inc.,
Date of publication, distribution, etc 1982.
300 ## - PHYSICAL DESCRIPTION
Extent 207 p. :
Other physical details ill. ;
Dimensions 19 cm.
521 ## - TARGET AUDIENCE NOTE
Target audience note
526 ## - STUDY PROGRAM INFORMATION NOTE
Reading level 720
650 #1 - SUBJECT ADDED ENTRY--TOPICAL TERM
Topical term or geographic name as entry element Giants
General subdivision Fiction.
9 (RLIN) 26776
650 #1 - SUBJECT ADDED ENTRY--TOPICAL TERM
Topical term or geographic name as entry element Orphans
General subdivision Fiction.
9 (RLIN) 26777
700 1# - ADDED ENTRY--PERSONAL NAME
Personal name Blake, Quentin,
Relator term ill.
9 (RLIN) 26778
906 ## - LOCAL DATA ELEMENT F, LDF (RLIN)
a 7
b cbc
c orignew
d 1
e ocip
f 19
g y-gencatlg
942 ## - ADDED ENTRY ELEMENTS (KOHA)
Source of classification or shelving scheme Library of Congress Classification
Koha item type
Holdings
Withdrawn status Lost status Source of classification or shelving scheme Damaged status Home library Current library Shelving location Date acquired Total Checkouts Full call number Barcode Date last seen Copy number Price effective from Koha item type Total Renewals Date checked out
    Library of Congress Classification   Luxembourg Library Luxembourg Library Scholastic Reading Center Section 10/09/2013   PZ 7 .D1515Bf 1982 LEX1758 04/18/2017 1 10/09/2013 Books    
    Library of Congress Classification   Luxembourg Library Luxembourg Library Scholastic Reading Center Section 10/09/2013   PZ 7 .D1515Bf 1982 LEX1759 04/18/2017 2 10/09/2013 Books    
    Library of Congress Classification   Luxembourg Library Luxembourg Library Scholastic Reading Center Section 10/09/2013   PZ 7 .D1515Bf 1982 LEX1778 04/18/2017 3 10/09/2013 Books    
    Library of Congress Classification   Luxembourg Library Luxembourg Library Scholastic Reading Center Section 10/16/2013 2 PZ 7 .D1515Bf 1982 SCHO0510 07/30/2020 4 10/16/2013 Books 9 12/09/2019
    Library of Congress Classification   Luxembourg Library Luxembourg Library Scholastic Reading Center Section 10/16/2013   PZ 7 .D1515Bf 1982 SCHO0131 04/18/2017 5 10/16/2013 Books    

The BFG /

APA

Dahl R., Blake Q., . (1982). The BFG. New York: Scholastic Inc.

Chicago

Dahl Roald, Blake Quentin, . 1982. The BFG. New York: Scholastic Inc.

Harvard

Dahl R., Blake Q., . (1982). The BFG. New York: Scholastic Inc.

MLA

Dahl Roald, Blake Quentin, . The BFG. New York: Scholastic Inc. 1982.

  • Place hold
  • Print
  • Cite
  • Add to your cart (remove)
  • Save record
    BIBTEX Dublin Core MARCXML MARC (non-Unicode/MARC-8) MARC (Unicode/UTF-8) MARC (Unicode/UTF-8, Standard) MODS (XML) RIS
  • More searches
    Search for this title in:
    Other Libraries (WorldCat) Other Databases (Google Scholar) Online Stores (Bookfinder.com) Open Library (openlibrary.org)

Exporting to Dublin Core...

SOUTHVILLE LIBRARY

Southville International School and Colleges Library

1281 Tropical Ave. Cor. Luxembourg St., BF Homes International, Las Pinas City

Tel. No. 8256374 / 252358 Loc. 117/146

Powered by Koha